Optimálny výber systémového debnenia

Salvato in:
Dettagli Bibliografici
Autore principale: Bizub, Jozef, 1946- (Autore)
Natura: Libro
Lingua:slovacco
Pubblicazione: Brno : Tribun EU, 2010
Edizione:1. vyd.
Tags: Aggiungi Tag
Nessun Tag, puoi essere il primo ad aggiungerne!!

MARC

LEADER 00000nam a22000003a 4500
001 stu213062
005 20220317190119.6
008 101015s2010----xr------------------slo-d
020 |a 978-80-7399-989-6 
040 |a STU  |b slo 
041 0 |a slo 
044 |a xr 
100 1 |a Bizub, Jozef,  |d 1946-  |4 aut  |u V270  |9 100  |U SvF Stavebná fakulta  |T SvF Katedra technológie stavieb  |X 579  |U V270  |Y 28  |7 A000000579 
245 1 |a Optimálny výber systémového debnenia  |h ronický zdroj] 
250 |a 1. vyd. 
260 |a Brno :  |b Tribun EU,  |c 2010 
300 |a CD ROM, 83 s. 
996 |b 284V036395  |c V*528/A  |l VVT  |s A  |a 24  |w stu213062_0001